| 000 | 00000nas 2200000za 4500 |
| 001 | 9.852211 |
| 003 | CaOODSP |
| 005 | 20221107154531 |
| 007 | cr ||||||||||| |
| 008 | 180222d19601960oncar p oss f0###a0eng|d |
| 022 | |y0384-2959 |
| 040 | |aCaOODSP|beng |
| 043 | |an-cn--- |
| 086 | 1 |aCS34-213E-PDF |
| 245 | 00|aFur goods and fur dressing and dyeing industries |h[electronic resource]. |
| 246 | 10|aFur goods and fur dressing industries |
| 246 | 16|aFur goods industry |f1955 |
| 260 | |a[Ottawa] : |bDominion Bureau of Statistics, Industry and Merchandising Division, |c1962. |
| 310 | |aAnnual |
| 362 | 0 |a1960. |
| 490 | 0 |aAnnual census of manufactures |
| 500 | |aDigitized edition from print [produced by Statistics Canada]. |
| 500 | |aTitle from cover. |
| 580 | |aA part of Fur goods and fur dressing and dyeing industries is continued by Fur goods industry (Final). |
| 580 | |aAbsorbed in part by: Miscellaneous manufacturing industries. |
| 692 | 07|2gccst|aFurs |
| 692 | 07|2gccst|aClothing industry |
| 710 | 1 |aCanada. |bDominion Bureau of Statistics. |bIndustry and Merchandising Division. |
| 780 | 00|tThe fur goods and fur dressing industries, Canada |w(CaOODSP)9.852208 |
| 785 | 00|tFur goods industry |w(CaOODSP)9.852213 |